Babičkine zákusky (Record no. 21001)
[ view plain ]
| 000 -LEADER | |
|---|---|
| fixed length control field | 02002nam a2200541 a 4500 |
| 001 - CONTROL NUMBER | |
| control field | 21001 |
| 003 - CONTROL NUMBER IDENTIFIER | |
| control field | VRT |
| 005 - DATE AND TIME OF LATEST TRANSACTION | |
| control field | 20260210141345.0 |
| 008 - FIXED-LENGTH DATA ELEMENTS--GENERAL INFORMATION | |
| fixed length control field | 170706s2015 xo o g 001 0 slo |
| 015 ## - NATIONAL BIBLIOGRAPHY NUMBER | |
| National bibliography number | SNBA2016/08 |
| 020 ## - INTERNATIONAL STANDARD BOOK NUMBER | |
| International Standard Book Number | 9788089742165 (viaz.) |
| 035 ## - SYSTEM CONTROL NUMBER | |
| System control number | 3FB7C056-C28F-4233-B7AD-B0F15181EFE1 |
| 035 ## - SYSTEM CONTROL NUMBER | |
| System control number | urn:nbn:sk:snk-amlosw |
| 035 ## - SYSTEM CONTROL NUMBER | |
| System control number | urn:nbn:sk:snk-am00bwlf |
| 039 #9 - LEVEL OF BIBLIOGRAPHIC CONTROL AND CODING DETAIL [OBSOLETE] | |
| Level of rules in bibliographic description | 201707060923 |
| Level of effort used to assign nonsubject heading access points | VLOAD |
| Level of effort used to assign subject headings | 201608241222 |
| Level of effort used to assign classification | csnk08 |
| Level of effort used to assign subject headings | 201608231533 |
| Level of effort used to assign classification | csnk08 |
| Level of effort used to assign subject headings | 201608231533 |
| Level of effort used to assign classification | csnk08 |
| 040 ## - CATALOGING SOURCE | |
| Original cataloging agency | SNK |
| Language of cataloging | slo |
| Transcribing agency | SNK |
| Description conventions | AACR2 |
| 041 1# - LANGUAGE CODE | |
| Language code of text/sound track or separate title | slo |
| Language code of original | hun |
| 044 ## - COUNTRY OF PUBLISHING/PRODUCING ENTITY CODE | |
| MARC country code | xo |
| ISO country code | SK |
| 072 #7 - SUBJECT CATEGORY CODE | |
| Subject category code | 641 |
| Subject category code subdivision | Kuchárstvo. Potraviny. Varené jedlá |
| Source | konspekt |
| 080 ## - UNIVERSAL DECIMAL CLASSIFICATION NUMBER | |
| Universal Decimal Classification number | 641.85 |
| Edition identifier | 2011 |
| 080 ## - UNIVERSAL DECIMAL CLASSIFICATION NUMBER | |
| Universal Decimal Classification number | (083.12) |
| Edition identifier | 2011 |
| 245 00 - TITLE STATEMENT | |
| Title | Babičkine zákusky |
| Remainder of title | zákusky našich starých mám |
| Statement of responsibility, etc. | [foto zákuskov: Árpád Patyi ; fázové fotografie: Csigó Bt. ; zostavila: Orosné Edit Galaczi ... [et al.] ; spolupracovali: Éva Pádár, Zsolt Szabó ; recepty: Balogh Lászlóné ... [et al.] ; preklad: Katarína Borosová] |
| 260 ## - PUBLICATION, DISTRIBUTION, ETC. | |
| Place of publication, distribution, etc. | Nové Zámky |
| Name of publisher, distributor, etc. | Ex |
| Date of publication, distribution, etc. | 2015 |
| 300 ## - PHYSICAL DESCRIPTION | |
| Extent | 112 s. |
| Other physical details | fareb. fotogr. |
| Dimensions | 25 cm |
| 500 ## - GENERAL NOTE | |
| General note | Pravdepod. prel. z maď. |
| 504 ## - BIBLIOGRAPHY, ETC. NOTE | |
| Bibliography, etc. note | Abeced. reg. zákuskov |
| 650 07 - SUBJECT ADDED ENTRY--TOPICAL TERM | |
| Topical term or geographic name entry element | múčniky |
| Source of heading or term | SNKPH |
| 650 07 - SUBJECT ADDED ENTRY--TOPICAL TERM | |
| Topical term or geographic name entry element | Desserts |
| Source of heading or term | SNKPHeng |
| 650 07 - SUBJECT ADDED ENTRY--TOPICAL TERM | |
| Topical term or geographic name entry element | koláče |
| Source of heading or term | SNKPH |
| 650 07 - SUBJECT ADDED ENTRY--TOPICAL TERM | |
| Topical term or geographic name entry element | Pies |
| Source of heading or term | SNKPHeng |
| 650 07 - SUBJECT ADDED ENTRY--TOPICAL TERM | |
| Topical term or geographic name entry element | dezerty |
| Source of heading or term | SNKPH |
| 655 #7 - INDEX TERM--GENRE/FORM | |
| Genre/form data or focus term | kuchárske recepty |
| Source of term | SNKPH |
| 655 #7 - INDEX TERM--GENRE/FORM | |
| Genre/form data or focus term | Cookbooks |
| Source of term | SNKPHeng |
| 700 1# - ADDED ENTRY--PERSONAL NAME | |
| Personal name | Patyi, Árpád |
| Relationship | pht |
| 700 1# - ADDED ENTRY--PERSONAL NAME | |
| Personal name | Borosová, Katarína |
| Relationship | trl |
| 700 1# - ADDED ENTRY--PERSONAL NAME | |
| Personal name | Pádár, Éva |
| Relationship | clb |
| 700 1# - ADDED ENTRY--PERSONAL NAME | |
| Personal name | Szabó, Zsolt |
| Relationship | clb |
| 700 1# - ADDED ENTRY--PERSONAL NAME | |
| Personal name | Máté Pálné Terenyei, Katalin |
| Relationship | oth |
| 700 1# - ADDED ENTRY--PERSONAL NAME | |
| Personal name | Orosné Galaczi, Edit |
| Relationship | com |
| 700 1# - ADDED ENTRY--PERSONAL NAME | |
| Personal name | Csigó, Bt. |
| Relationship | pht |
| 700 1# - ADDED ENTRY--PERSONAL NAME | |
| Personal name | Balogh, Lászlóné |
| Relationship | oth |
| 700 1# - ADDED ENTRY--PERSONAL NAME | |
| Personal name | Erdei, Sándorné |
| Relationship | oth |
| 700 1# - ADDED ENTRY--PERSONAL NAME | |
| Personal name | Tóth Gézáné Mogyorósi, Magdolna |
| Relationship | oth |
| 910 ## - USER-OPTION DATA (OCLC) | |
| User-option data | snk |
| 942 ## - ADDED ENTRY ELEMENTS (KOHA) | |
| Source of classification or shelving scheme | Dewey Decimal Classification |
| Koha item type | Odborná literatúra pre dospelých |
| Suppress in OPAC | No |
| 949 ## - LOCAL PROCESSING INFORMATION (OCLC) | |
| 6 | 17A1193991 |
| a | snkSC 170759 |
| b | snk2016/18352 |
| o | 991/16 |
| s | 6100:20160825 |
| 949 ## - LOCAL PROCESSING INFORMATION (OCLC) | |
| 6 | 17A1193992 |
| a | snkSC 170759 D1 |
| b | snk2016/18353 |
| o | 991/16 |
| Stav vyradenia | Strata | Poškodenie | Spôsob nadobudnutia | Domovská knižnica | Aktuálna knižnica | Dátum nadobudnutia | Total checkouts | Čiarový kód exemplára | Date last seen | Typ exemplára |
|---|---|---|---|---|---|---|---|---|---|---|
| Dar | Obecná knižnica Horná Štubňa | Obecná knižnica Horná Štubňa | 10.02.2026 | 9788089742165 | 10.02.2026 | Odborná literatúra pre dospelých |
